ნორმალური ფორმატი
MARC ფორმატი
ჩანაწერი Personal Name
ჩანაწერთა რაოდენობა, რომელიც გამოყენებულია: 1
001 - CONTROL NUMBER
- control field: 973
003 - CONTROL NUMBER IDENTIFIER
- control field: GE_BSU
005 - DATE AND TIME OF LATEST TRANSACTION
- control field: 20190510154332.0
008 - FIXED-LENGTH DATA ELEMENTS
- fixed length control field: 190510|| aca||aabn | a|a d
040 ## - CATALOGING SOURCE
- Original cataloging agency: GE_BSU
- Transcribing agency: GE_BSU
100 ## - HEADING--PERSONAL NAME
- Personal name: Ананьин, о.и. и др.
- Relator term: Редакционная колегия
670 ## - SOURCE DATA FOUND
- Source citation: Work cat.: (GE_BSU): Вопросы экономики N2 февраль :, 1929-
